The understanding of faith : (Record no. 1728)

MARC details
000 -LEADER
fixed length control field 01193cam a2200301 i 4500
001 - CONTROL NUMBER
control field 3638127
003 - CONTROL NUMBER IDENTIFIER
control field AUA.1
005 - DATE AND TIME OF LATEST TRANSACTION
control field 20160111113333.0
008 - FIXED-LENGTH DATA ELEMENTS--GENERAL INFORMATION
fixed length control field 750224s1974 enk b 001 0 eng
010 ## - LIBRARY OF CONGRESS CONTROL NUMBER
LC control number 75304650
015 ## - NATIONAL BIBLIOGRAPHY NUMBER
National bibliography number GB74-29271
040 ## - CATALOGING SOURCE
Original cataloging agency DLC
Transcribing agency DLC
Modifying agency DLC
041 1# - LANGUAGE CODE
Language code of text/sound track or separate title eng
Language code of original and/or intermediate translations of text dut
050 00 - LIBRARY OF CONGRESS CALL NUMBER
Classification number BR 85
Item number .S274313 1974b
082 00 - DEWEY DECIMAL CLASSIFICATION NUMBER
Classification number 201/.1
100 1# - MAIN ENTRY--PERSONAL NAME
Personal name Schillebeeckx, Edward,
Dates associated with a name 1914-2009.
9 (RLIN) 6250
240 10 - UNIFORM TITLE
Uniform title <a href="Geloofsverstaan.">Geloofsverstaan.</a>
Language of a work English
245 14 - TITLE STATEMENT
Title The understanding of faith :
Remainder of title interpretation and criticism /
Statement of responsibility, etc Edward Schillebeeckx ; translated [from the Dutch] by N.D. Smith.
260 ## - PUBLICATION, DISTRIBUTION, ETC. (IMPRINT)
Place of publication, distribution, etc London :
Name of publisher, distributor, etc Sheed & Ward,
Date of publication, distribution, etc 1974.
300 ## - PHYSICAL DESCRIPTION
Extent xiii, 170 p. ;
Dimensions 23 cm.
500 ## - GENERAL NOTE
General note Translation of Geloofsverstaan.
504 ## - BIBLIOGRAPHY, ETC. NOTE
Bibliography, etc Includes bibliographical references and index.
650 #0 - SUBJECT ADDED ENTRY--TOPICAL TERM
Topical term or geographic name as entry element Theology.
9 (RLIN) 6251
650 #0 - SUBJECT ADDED ENTRY--TOPICAL TERM
Topical term or geographic name as entry element Hermeneutics
General subdivision Religious aspects
-- Christianity.
9 (RLIN) 6252
906 ## - LOCAL DATA ELEMENT F, LDF (RLIN)
a 7
b cbc
c orignew
d 3
e ncip
f 19
g y-gencatlg
942 ## - ADDED ENTRY ELEMENTS (KOHA)
Source of classification or shelving scheme Library of Congress Classification
Koha item type Books
Classification part BR 85
Item part .S2743 1974b
Holdings
Withdrawn status Lost status Source of classification or shelving scheme Damaged status Not for loan Collection code Home library Current library Shelving location Date acquired Source of acquisition Cost, normal purchase price Serial Enumeration / chronology Total Checkouts Full call number Barcode Date last seen Cost, replacement price Price effective from Koha item type
    Library of Congress Classification     Books Judith Thomas Library Judith Thomas Library General Stacks 13/10/2011 Donation, Dr. Jan Paulsen 10.00 AUA002030   BR85 .S2743 1974 AUA002030 13/10/2011 10.00 13/10/2011 Books